| 000 | 00868nam a22002297a 4500 | ||
|---|---|---|---|
| 003 | JO-AjAnu | ||
| 005 | 20241019100858.0 | ||
| 008 | 241019b jo ||||| |||| 00| 0 ara d | ||
| 020 | _a978-977-448-072-0 | ||
| 040 | _cJO-AjAnu | ||
| 041 | _hARA | ||
| 100 |
_aرابيجر، مايكل _eمؤلف _966272 |
||
| 245 |
_aالإخراج السينمائي : تقنيات وجماليات _c/ مايكل رابيجر |
||
| 260 |
_aالقاهرة : _bالمركز القومي للتجرمة، _c2013 |
||
| 300 | _a906 صفحة | ||
| 500 | _aيحتوي هذا الكتاب على صور من وحي الواقع | ||
| 650 | _vالإخراج السينمائي | ||
| 700 |
_aأحمد يوسف _eمترجم ومقدم _966274 |
||
| 700 |
_aحامد إبراهيم _eمصحح لغوي _966276 |
||
| 700 |
_aحسن كامل _eمشرف فني _966278 |
||
| 942 |
_2lcc _cBK _n0 |
||
| 999 |
_c33739 _d33739 |
||